000
00302nam a22001217a 4500
008
171003b xxu||||| |||| 00| 0 eng d
041
_a
eng
080
_a
159.9
100
_a
48
101
_a
PSI
245
_a
NEW PERSEPCTIVES ON PSYCHOTHERAPY OF THE BORDERLINE ADULT
_c
MASTERSON,J,F
942
_2
udc
_c
BK
999
_c
31391
_d
31391